000001184 001__ 1184 000001184 005__ 20260410124755.0 000001184 0247_ $$2DOI$$a10.6083/M4WS8RCW 000001184 037__ $$aETD 000001184 245__ $$aA formal model for architecture-independent parallel software engineering 000001184 260__ $$bOregon Health and Sciences University 000001184 260__ $$bOregon Graduate Institute of Science and Technology 000001184 269__ $$a1990-03-01 000001184 336__ $$aDissertation 000001184 502__ $$bPh.D. 000001184 542__ $$fIn copyright - single owner 000001184 7001_ $$aDiNucci, David C. 000001184 7001_ $$uOregon Graduate Institute of Science and Technology$$041352 000001184 8564_ $$959aac2c2-bd62-4f87-8516-47223afe66b0$$s3609938$$uhttps://digitalcollections.ohsu.edu/record/1184/files/1866_etd.pdf$$ePublic$$2e22079ed149bef29aa53430939930ab4$$31 000001184 901__ $$a<p>These documents are archival records. They are retained for historical reference only. </p><p><b>Need an accessible version? Use the ‘Get Accessible Copy’ link above.</b></p> 000001184 905__ $$a/rest/prod/vx/02/1f/17/vx021f171 000001184 909CO $$ooai:digitalcollections.ohsu.edu:1184$$pstudent-work 000001184 956__ $$aGet Accessible Copy$$uhttps://ohsu.libwizard.com/f/requestaccessibledocument 000001184 980__ $$aTheses and Dissertations